The orthodox missionary society of Russia. (Record no. 91003)

MARC details
000 -LEADER
fixed length control field 00713cam a22002177 4500
001 - CONTROL NUMBER
control field tmp82078825
003 - CONTROL NUMBER IDENTIFIER
control field DLC
005 - DATE AND TIME OF LATEST TRANSACTION
control field 20260227112752.0
008 - FIXED-LENGTH DATA ELEMENTS--GENERAL INFORMATION
fixed length control field 921116s1878 xx 000 0 eng
010 ## - LIBRARY OF CONGRESS CONTROL NUMBER
LC control number tmp82078825
040 ## - CATALOGING SOURCE
Original cataloging agency DLC
Transcribing agency DLC
Modifying agency DLC
050 00 - LIBRARY OF CONGRESS CALL NUMBER
Classification number BV2123
Item number .H3
051 ## - LIBRARY OF CONGRESS COPY, ISSUE, OFFPRINT STATEMENT
Classification number YA 9656
Copy information Another copy.
100 1# - MAIN ENTRY--PERSONAL NAME
Personal name Hale, Charles R.
Fuller form of name (Charles Reuben),
Dates associated with a name 1837-1900.
245 04 - TITLE STATEMENT
Title The orthodox missionary society of Russia.
260 ## - PUBLICATION, DISTRIBUTION, ETC.
Place of publication, distribution, etc. [n.p.]
Date of publication, distribution, etc. 1878.
300 ## - PHYSICAL DESCRIPTION
Extent 1 v.
Dimensions 8⁰
530 ## - ADDITIONAL PHYSICAL FORM AVAILABLE NOTE
Additional physical form available note Also available in digital form on the Internet Archive Web site.
710 2# - ADDED ENTRY--CORPORATE NAME
Corporate name or jurisdiction name as entry element YA Pamphlet Collection (Library of Congress)
Institution to which field applies DLC [from old catalog]
856 41 - ELECTRONIC LOCATION AND ACCESS
Uniform Resource Identifier <a href="http://hdl.loc.gov/loc.gdc/scd0001.00146681013">http://hdl.loc.gov/loc.gdc/scd0001.00146681013</a>

No items available.

Powered by Koha